Ações coletivas – provas e concursos / (Record no. 162)
[ view plain ]
| 000 -LÍDER | |
|---|---|
| Campo Fixo de Controle | 01118nam a2200289 a 4500 |
| 001 - NÚMERO DE CONTROLE | |
| Campo de Controle | 162 |
| 003 - IDENTIFICAÇÃO DO NÚMERO DE CONTROLE | |
| Campo de Controle | BR-CuiBMT |
| 005 - DATA E HORA DA ÚLTIMA ATUALIZAÇÃO | |
| Campo de Controle | 20231114212626.0 |
| 008 - DADOS FIXOS | |
| Dados Fixos | 230823s2009 bab 000 0 por d |
| 020 ## - INTERNATIONAL STANDARD BOOK NUMBER | |
| Nº do ISBN | 8577611817 |
| 040 ## - AGÊNCIA CATALOGADORA | |
| Código da Agência Catalogadora | BR-CuiBMT |
| Agência que transcreveu o registro | BR-CuiBMT |
| 080 ## - Nº DA CLASSIFICAÇÃO DECIMAL UNIVERSAL | |
| Nº edição CDU | 2007 |
| Nº Class. CDU | 347.922 |
| Subd. Auxiliar Comum | (079.1) |
| 090 ## - NÚMERO DE CHAMADA | |
| Nº classificação | 347.922(079.1) |
| Cutter | V677a |
| Ano/Edição | 2. ed. |
| 100 1# - ENTRADA PRINCIPAL -- AUTOR PESSOAL | |
| Nome pessoal | Vigliar, José Marcelo Menezes |
| 245 10 - TÍTULO PRINCIPAL | |
| Título principal | Ações coletivas – provas e concursos / |
| Indicação de responsabilidade | José Marcelo Menezes Vigliar. |
| 246 14 - FORMAS VARIANTES DO TÍTULO | |
| Título principal | Ações coletivas: |
| Subtítulo | para concursos públicos |
| 250 ## - EDIÇÃO | |
| Edição | 2. ed., rev., ampl. e atual. |
| 260 ## - PUBLICAÇÃO, DISTRIBUIÇÃO, ETC. | |
| Local de publicação | [Salvador] : |
| Editora | JusPODIVM, |
| Data | [2009]. |
| 300 ## - DESCRIÇÃO FÍSICA | |
| N. páginas ou volumes | 292 p. ; |
| Dimensões | 23 cm |
| 500 ## - NOTAS GERAIS | |
| Notas gerais | Edição retirada da capa. |
| 500 ## - NOTAS GERAIS | |
| Notas gerais | Aspectos processuais: interesses difusos, coletivos e individuais homogêneos. Ação civil pública. Ação popular. Mandado de segurança. Questões comentadas. Legislação pertinente. |
| 504 ## - NOTA DE BIBLIOGRAFIA, ETC. | |
| Nota de bibliografia | Inclui bibliografia. |
| 650 ## - ASSUNTO TÓPICO | |
| Cabeçalho tópico ou nome geográfico | Concursos públicos |
| Subdivisão geral | Questões comentadas |
| 650 ## - ASSUNTO TÓPICO | |
| Cabeçalho tópico ou nome geográfico | Aspectos processuais |
| Subdivisão de forma | Legislação |
| 650 ## - ASSUNTO TÓPICO | |
| Cabeçalho tópico ou nome geográfico | Ação popular |
| Subdivisão geral | Mandado de segurança |
| 942 ## - ELEMENTOS DE ENTRADA ADICIONAIS (KOHA) | |
| Fonte de classificação ou esquema de arquivamento | Classificação Decimal Universal |
| Tipo de item do Koha | Livros |
| Estado: removido | Estado: perdido | Fonte de classificação ou esquema de arquivamento | Estado: danificado | Indisponível para empréstimo | Localização permanente | Localização atual | Data de aquisição | Total Checkouts | Número de Chamada completo | Código de barras | Date last seen | Número do exemplar | Preço efetivo a partir de | Tipo de item (Koha) |
|---|---|---|---|---|---|---|---|---|---|---|---|---|---|---|
| Classificação Decimal Universal | Biblioteca da Escola Superior de Contas do TCE/MT | Biblioteca da Escola Superior de Contas do TCE/MT | 26/11/2019 | 347.922(079.1) V677a 2. ed. | BIBTCEMT23110557 | 14/11/2023 | Ex. 1 | 14/11/2023 | Livros |